Zákonné alebo povinné zmluvné poistenie zodpovednosti organizácie za škody pri pracovnom úraze?

Rozhodovanie o otázke, či sa má určitý druh poistenia ukladať ako zákonné poistenie alebo ako zmluvné poistenie. Závislosť aj od iných skutočností. Zákonné poistenie spojené s právnymi problémami. Zákonné poistenie v bývalom Československu. Demonopolizácia poisťovní v roku 1991, prijatá legislatíva...

Full description

Saved in:
Bibliographic Details
Main Author: Plank, K.
Format: Book Chapter
Language:Slovak
Subjects:
Tags: Add Tag
No Tags, Be the first to tag this record!

MARC

LEADER 00000naa a2200000 4500
001 r015691
005 20221205090846.7
041 0 |a slo 
044 |a SK 
245 1 0 |a Zákonné alebo povinné zmluvné poistenie zodpovednosti organizácie za škody pri pracovnom úraze?  |c K. Plank 
520 |a Rozhodovanie o otázke, či sa má určitý druh poistenia ukladať ako zákonné poistenie alebo ako zmluvné poistenie. Závislosť aj od iných skutočností. Zákonné poistenie spojené s právnymi problémami. Zákonné poistenie v bývalom Československu. Demonopolizácia poisťovní v roku 1991, prijatá legislatíva o poisťovníctve v SR. Analýza problémov v poisťovníctve a prístup k ich riešeniu. 
610 2 0 |a poisťovníctvo 
610 2 0 |a poistenie zákonné 
610 2 0 |a poistenie zmluvné 
610 2 0 |a Slovensko 
610 2 0 |a poisťovne 
610 2 0 |a Česko 
610 2 0 |a poistenie zodpovednosti za škody 
610 2 0 |a podnikatelia 
100 1 |a Plank, K.